000 00663nam a22002297a 4500
003 UA-OsUOA
001 100075
007 ta
008 20130521b un ||||| |||| 00| 0 ukr d
100 _aУтевский Б.
090 _a821.161.1
_bУ84
942 _cBK
040 _aUA-OsUOA
_brus
_cUA-OsUOA
_dUA-OsUOA
245 _aВоспоминания юриста
_bиз неопубликованного
300 _a304 с.
955 _a3
041 _arus
080 _a821.161.1
260 _aМ.
_bЮридическая литература
_c1989
650 7 _a82 Література. Літературознавство
_2UDC
999 _c386324
_d386324